| 000 | 00508nam a2200169 a 4500 | ||
|---|---|---|---|
| 005 | 20140412111323.0 | ||
| 008 | 001111s19uu xx 00 eng d | ||
| 020 | _a0-679-88798-9 | ||
| 050 |
_aER _bTi43 |
||
| 100 | _aSt. Pierre, Stephanie | ||
| 245 |
_aTickle me, Big Bird! / _cby Stephani St. Pierre ; illustrated by Rick Wetzel. |
||
| 260 |
_aNew York : _bRandom House. |
||
| 300 | _a1 v. (unp.) ; ill. | ||
| 440 | _aA lift and peek a-board book | ||
| 650 |
_aSesame street _xFiction |
||
| 999 |
_c104483 _d104483 |
||